Libro verde del control y fiscalización ambiental en la cuenca del río Huasco

שמור ב:
מידע ביבליוגרפי
מחבר תאגידי: Ministerio de Bienes Nacionales (Author)
פורמט: ספר
שפה:ספרדית
יצא לאור: Copiapó Ministerio de Bienes Nacionales 1995
נושאים:
תגים: הוספת תג
אין תגיות, היה/י הראשונ/ה לתייג את הרשומה!

MARC

LEADER 00000nam a2200000 a 4500
001 UCU7422
003 CL-VaPUC
008 960705e19950000cl |||||||||||||||||spa|d
082 0 4 |a 363.7  |b MIN  |2 21 
110 2 |a Ministerio de Bienes Nacionales  |e author  |9 366257 
245 1 0 |a Libro verde del control y fiscalización ambiental en la cuenca del río Huasco 
300 |a 67 p 
942 |c BK 
945 |d 19960705 00:00:00  |a rbrito 
260 |a Copiapó  |b Ministerio de Bienes Nacionales  |c 1995 
650 7 |a CONTROL AMBIENTAL  |2 CL-VaPUC  |9 366258 
650 0 |a Gestión ambiental   |9 338121 
650 0 |a Protección del medio ambiente  |9 257626 
650 7 |a CONSERVACION DE LOS RECURSOS NATURALES  |2 CL-VaPUC  |9 261621 
650 0 |a Cuencas hidrográficas  |9 366259 
650 7 |a CONSERVACION DE SUELOS  |2 CL-VaPUC  |9 264335 
650 0 |a Medio ambiente  |9 257625 
650 0 |a Ecología   |9 258124 
650 7 |a CALIDAD AMBIENTAL  |2 CL-VaPUC  |9 338241 
650 0 |a Educación ambiental  |9 262920 
651 7 |a CHILE  |2 CL-VaPUC  |9 366260 
583 |a last modification  |c 20171123 12:23:00  |k Rodrigo Vera 
999 |c 250075  |d 250073